Men's Tennis Year End World Rankings 2023 - Top 20 - Statistics

General Stats
  • This quiz has been taken 152 times
  • The average score is 15 of 20
Answer Stats
Player % Correct
Novak Djokovic
100%
Carlos Alcaraz
98%
Daniil Medvedev
95%
Jannik Sinner
95%
Alexander Zverev
89%
Stefanos Tsitsipas
87%
Andrey Rublev
84%
Taylor Fritz
82%
Casper Ruud
80%
Holger Rune
79%
Frances Tiafoe
74%
Hubert Hurkacz
71%
Alex De Minaur
70%
Ben Shelton
70%
Tommy Paul
69%
Grigor Dimitrov
63%
Karen Khachanov
58%
Ugo Humbert
49%
Cameron Norrie
41%
Nicolas Jarry
29%
No matching quizzes found
Score Distribution
Percent of People with Each Score
Percentile by Number Answered
Your Score History
You have not taken this quiz